Quantitative Methods for Economics and Finance (Record no. 4695)

MARC details
005 - DATE AND TIME OF LATEST TRANSACTION
control field 20250624041155.0
020 ## - INTERNATIONAL STANDARD BOOK NUMBER
International Standard Book Number 978-9976-59-843-3
082 ## - DEWEY DECIMAL CLASSIFICATION NUMBER
Classification number 332.72 EPA
100 ## - MAIN ENTRY--PERSONAL NAME
Author name EPAPHRA, M
245 ## - TITLE STATEMENT
Title Quantitative Methods for Economics and Finance
260 ## - PUBLICATION, DISTRIBUTION, ETC.
Place of publication, distribution, etc. Ukraine
Name of publisher, distributor, etc. Virtus Interpress
Date of publication, distribution, etc. 2020
300 ## - PHYSICAL DESCRIPTION
Extent xxiii,967p.: ill.; charts, figures, tables
Other physical details Glossary and Index
Dimensions 28cm
942 ## - ADDED ENTRY ELEMENTS (KOHA)
Source of classification or shelving scheme Dewey Decimal Classification
Koha item type Books
Holdings
Date last seen Total checkouts Full call number Barcode Price effective from Koha item type Lost status Source of classification or shelving scheme Damaged status Not for loan Withdrawn status Home library Current library Shelving location Date acquired Source of acquisition Cost, normal purchase price
06/24/2025   332.72 EPA MZA0001752 06/24/2025 Books   Dewey Decimal Classification       CBE Mwanza CBE Mwanza General Collection 07/16/2007 Library Budget 50000.00
06/24/2025   332.72 EPA MZA0001753 06/24/2025 Books   Dewey Decimal Classification       CBE Mwanza CBE Mwanza General Collection 07/16/2007 Library Budget 50000.00
06/24/2025   332.72 EPA MZA0001754 06/24/2025 Books   Dewey Decimal Classification       CBE Mwanza CBE Mwanza General Collection 07/16/2007 Library Budget 50000.00
06/24/2025   332.72 EPA MZA0001755 06/24/2025 Books   Dewey Decimal Classification       CBE Mwanza CBE Mwanza General Collection 07/16/2007 Library Budget 50000.00